000 00466nam a2200193Ia 4500
005 20140402143735.0
008 140130s9999 xx 000 0 und d
020 _a9780439405621
050 _aPZ 7
_b.L345g6 2004
100 _aLasky, Kathryn
_96040
245 _cKathryn Lasky.
_aThe burning /
260 _bScholastic,
_c2004.
_aUSA :
300 _a210 p. :
_c19 cm.
440 _v1
521 _aG6
526 _c800
942 _cBK
_2lcc
999 _c41148
_d41148